书目信息 |
| 题名: |
黑板报常用美术字汇编
|
|
| 作者: | 郭存善 | |
| 分册: | ||
| 出版信息: | 北京 中国画报出版公司 1994.04 |
|
| 页数: | 121页 | |
| 开本: | 19cm | |
| 丛书名: | ||
| 单 册: | ||
| 中图分类: | J229 | |
| 科图分类: | ||
| 主题词: | 绘画--中国 | |
| 电子资源: | ||
| ISBN: | 7-80024-331-1 | |
| 000 | 00544nam0 2200193 45 | |
| 001 | 0308271099 | |
| 005 | 20030827104656.8 | |
| 010 | @a7-80024-331-1@dRMB5.60 | |
| 100 | @a20030827d1994 km y0chiy0120 ea | |
| 101 | @achi | |
| 105 | @a z 000yy | |
| 200 | 1 | @a黑板报常用美术字汇编@Ahei ban bao chang yong mei shu zi hui bian@f郭存善@Fguo cun shan |
| 210 | @a北京@c中国画报出版公司@d1994.04 | |
| 215 | @a121页@c无图表@d19cm | |
| 606 | 0 | @a绘画@x中国 |
| 690 | @aJ229@v3 | |
| 701 | 0 | @a郭存善 |
| 801 | @aCN@b@c20030827 | |
| 905 | @aBZT@dJ229@e20 | |
| 黑板报常用美术字汇编/郭存善.-北京:中国画报出版公司,1994.04 |
| 121页:无图表;19cm |
| ISBN 7-80024-331-1:RMB5.60 |
| ● |
| 相关链接 |
|
|
|
正题名:黑板报常用美术字汇编
索取号:J229/20
 
预约/预借
| 序号 | 登录号 | 条形码 | 馆藏地/架位号 | 状态 | 备注 |
| 1 | 24945 | 200256524 | 中心书库中库/ 中库017架A面2列5层59/ [索取号:J229/20] | 在馆 | |
| 2 | 24946 | 200256490 | 中心书库中库/ 中库017架A面2列5层61/ [索取号:J229/20] | 在馆 | |
| 3 | 24946 | 200256301 | 中心书库中库/ 中库017架A面2列5层58/ [索取号:J229/20] | 在馆 | |
| 4 | 24948 | 200322908 | 中心书库中库/ 中库021架A面1列3层10/ [索取号:J229/20] | 在馆 | |
| 5 | 25123 | 200256533 | 中心书库中库/ 中库017架A面2列5层63/ [索取号:J229/20] | 在馆 | |
| 6 | 25124 | 200256506 | 中心书库中库/ 中库017架A面2列5层57/ [索取号:J229/20] | 在馆 | |
| 7 | 25125 | 200256481 | 中心书库中库/ 中库017架A面2列5层55/ [索取号:J229/20] | 在馆 |